000 00526nam a2200193Ia 4500
005 20260120130330.0
008 008 260114s9999 xx 000 0 eng d
020 _a9780199786152
037 _aEBOOK
040 _aCRL
_beng
_cCRL
041 _aeng
_2eng
084 _qCRL
100 _aTrout
_9913750
245 0 _aMeasuring the Intentional World
260 _bOxford University PressOxford University Press
_c2006
856 _uhttps://academic.oup.com/book/9523
942 _cEBOOK
999 _c1505651
_d1505651